Normal view
MARC view
Entry Personal Name
001 - CONTROL NUMBER
- control field: 20132
003 - CONTROL NUMBER IDENTIFIER
- control field: IT-RoPau
005 - DATE AND TIME OF LATEST TRANSACTION
- control field: 20140410210322.0
008 - FIXED-LENGTH DATA ELEMENTS
- fixed length control field: 140410|| aca||aabn | a|a d
040 ## - CATALOGING SOURCE
- Original cataloging agency: IT-RoPau
- Transcribing agency: IT-RoPau
100 ## - HEADING--PERSONAL NAME
- Personal name:
- Miscellaneous information: Codice autore testo SPICS: 9606
670 ## - SOURCE DATA FOUND
- Source citation: Work cat.: (IT-RoPau)100242: Banu Georges 20130, Costume de theatre (Le)-24 diapositive con libretto